Normal view
MARC view
- Fulay, Pradeep P. Bhattacharya, D.K
Entry Corporate Name
001 - CONTROL NUMBER
- control field: 111990
003 - CONTROL NUMBER IDENTIFIER
- control field: NUST
005 - DATE AND TIME OF LATEST TRANSACTION
- control field: 20230427112336.0
008 - FIXED-LENGTH DATA ELEMENTS
- fixed length control field: 230427|| aca||aabn | a|a d
040 ## - CATALOGING SOURCE
- Original cataloging agency: NUST
- Transcribing agency: NUST
110 ## - HEADING--CORPORATE NAME
- Corporate name or jurisdiction name as entry element: Fulay, Pradeep P. Bhattacharya, D.K
670 ## - SOURCE DATA FOUND
- Source citation: Work cat.: (NUST)594560: Askeland, Donald R. 14727, Material Science and Engineering, 2010.
